LIBRARY ONLINE CATALOGUE

Leadership without easy answers. (Record no. 6253)

MARC details
000 -LEADER
fixed length control field 00562cam a22002052 4500
001 - CONTROL NUMBER
control field 0000003151
005 - DATE AND TIME OF LATEST TRANSACTION
control field 20151217151916.0
008 - FIXED-LENGTH DATA ELEMENTS--GENERAL INFORMATION
fixed length control field 070430s xx 000 0 eng d
020 ## - INTERNATIONAL STANDARD BOOK NUMBER
International Standard Book Number 074518586 :
Terms of availability KES 500
040 ## - CATALOGING SOURCE
Original cataloging agency KABU
Transcribing agency KABU
050 #0 - LIBRARY OF CONGRESS CALL NUMBER
Classification number HM1261
Item number .H45
100 1# - MAIN ENTRY--PERSONAL NAME
Personal name Heifetz, Ronald A.
-- 0000152829
245 10 - TITLE STATEMENT
Title Leadership without easy answers.
260 ## - PUBLICATION, DISTRIBUTION, ETC. (IMPRINT)
Place of publication, distribution, etc. London :
Name of publisher, distributor, etc. Belknap Press,
Date of publication, distribution, etc. 1994.
300 ## - PHYSICAL DESCRIPTION
Extent xi, 348 p.
650 #0 - SUBJECT ADDED ENTRY--TOPICAL TERM
Topical term or geographic name as entry element Leadership.
-- 0000150687
908 ## - PUT COMMAND PARAMETER (RLIN)
Put command parameter 070430
950 ## - LOCAL HOLDINGS (RLIN)
-- 1
Holdings
Withdrawn status Lost status Source of classification or shelving scheme Not for loan Home library Current library Date acquired Total Checkouts Full call number Barcode Date last seen Date last checked out Price effective from Koha item type
    Library of Congress Classification   Kabarak, Main Campus Kabarak, Main Campus 17/12/2015 1 HM1261 .H45 007665 25/02/2019 22/02/2019 17/12/2015 General Collection